LDR 01284naa#a2200241#i#450# 001 RU\FGKOU VO SPBU MVD ROSSII\bibl\116586 005 20260701065339.3 011 ## _a2071-8284 100 ## _a20260630b2026####ek#y0rusy0150####ca 101 0# _aRUS 102 ## _aRU 200 1# _aОпыт столкновения с агрессивным поведением учащихся у педагогов с разным уровнем мотивации к профессиональной деятельности _eЖурнальная статья 210 1# _aСанкт-Петербург _cСАНКТ-ПЕТЕРБУРГСКИЙ УНИВЕРСИТЕТ МИНИСТЕРСТВА ВНУТРЕННИХ ДЕЛ РОССИЙСКОЙ ФЕДЕРАЦИИ _d2026 215 ## _a15 с. 606 ## _aПсихология. 37.03.01 _2local 608 ## _aЖурнальная статья _2local 675 ## _aПсихологические исследования. 159.9.07 _zRUS 686 ## _aПсихология. 88 _2bbk 686 ## _aСоциальная психология. 15.41 _2grnti 700 #1 _aРеан _gАртур Александрович 700 #1 _aЕгорова _gАнна Викторовна 700 #1 _aКоновалов _gИван Александрович 856 4# _avestnikspbmvd.ru _u